| 000 | 00480nam a22001577a 4500 | ||
|---|---|---|---|
| 005 | 20161025120114.0 | ||
| 008 | 161025b xxu||||| |||| 00| 0 eng d | ||
| 022 | _a0973-7030 | ||
| 245 | _aIndian journal of human development | ||
| 260 |
_aNew Delhi _bSage Publications _c2016 |
||
| 300 |
_av. _c24 cm. |
||
| 310 | _aTri-Annually | ||
| 270 |
_aB-1/I-1, Mohan Cooperative Industrial Area, Mathura Road, _bNew Delhi _e110044 _dIndia |
||
| 906 | _cserials | ||
| 942 |
_2ddc _cSR _mIND _s1 |
||
| 999 |
_c104219 _d104219 |
||